| 000 | 00651nam a22001937a 4500 | ||
|---|---|---|---|
| 005 | 20221024102606.0 | ||
| 008 | 161215b2009 mx ||||| |||| 001 0dspa d | ||
| 020 | _a9786074011449 | ||
| 050 | 0 | 4 |
_aKGF3015 _bV55 2009 |
| 100 | 1 |
_avillanueva, Ernesto _eautor |
|
| 245 | 1 | 0 |
_aDiccionario de derecho de la información _c/ Ernesto Villanueva. |
| 250 | _a1a ed. | ||
| 260 |
_aMéxico : _bUniversidad Autónoma de México : _bMiguel Ángel Porrúa, _cc2009 |
||
| 300 |
_a1365 p. : _c23 cm. |
||
| 490 | 0 | _vConocer para Decidir | |
| 504 | _aIncluye bibliografía | ||
| 650 | 7 |
_2lemb _aLibertad de información _vDiccionarios _zMéxico |
|
| 942 |
_2lcc _cLIB |
||
| 999 |
_c123608 _d123608 |
||